[Event "IND-ch U11 Girls"]
[Site "Sivagangai Tamilnadu"]
[Date "2018.08.04"]
[Round "10.1"]
[White "Savitha Shri, B."]
[Black "Sinthia, Sarkar"]
[Result "1/2-1/2"]
[WhiteElo "1742"]
[BlackElo "1315"]
[PlyCount "118"]
[EventDate "2018.07.28"]
[EventType "swiss"]
[EventRounds "11"]
[EventCountry "IND"]
[SourceTitle "EXT 2024"]
[Source "ChessBase"]
[SourceDate "2023.10.10"]
[SourceVersion "1"]
[SourceVersionDate "2023.10.10"]
[SourceQuality "1"]

1. Nf3 Nf6 2. g3 g6 3. Bg2 Bg7 4. 0-0 0-0 5. c4 d6 6. d4 Nbd7 7. Nc3 e5 8. dxe5 dxe5 9. Qc2 c6 10. b3 Qe7 11. Bb2 Nc5 12. e4 Ne6 13. Ne2 Nc5 14. Ba3 Re8 15. Nc3 Nfd7 16. Na4 Bf8 17. Bh3 Qf6 18. Nxc5 Nxc5 19. Bxc8 Raxc8 20. Kg2 Rcd8 21. Rad1 g5 22. Bb2 Bd6 23. b4 Ne6 24. Rxd6 Rxd6 25. Bxe5 Qe7 26. Bxd6 Qxd6 27. c5 Qe7 28. Rd1 g4 29. Nd4 Ng5 30. Nf5 Qf6 31. Rd6 Re6 32. Qd2 Rxd6 33. Qxd6 Qxd6 34. cxd6 h5 35. d7 Ne6 36. h3 Kf8 37. hxg4 hxg4 38. Nh6 Ke7 39. Nxg4 Kxd7 40. Ne5+ Ke7 41. Nc4 b6 42. f4 Nd4 43. Nb2 Ne2 44. Kf3 Nd4+ 45. Kf2 Kd6 46. Nd3 Nb5 47. Ke3 Nc3 48. Nc1 c5 49. bxc5+ Kxc5 50. g4 Nd1+ 51. Kf3 Kd4 52. f5 f6 53. Ne2+ Ke5 54. a3 Nb2 55. Nc3 Nc4 56. a4 a6 57. Nd5 b5 58. axb5 axb5 59. Nc3 b4 1/2-1/2

[Event "IND-ch U25 Girls 5th"]
[Site "Bhubaneswar"]
[Date "2015.12.10"]
[Round "1"]
[White "Sinthia, Sarkar"]
[Black "Swati, Mohota"]
[Result "0-1"]
[WhiteElo "1195"]
[BlackElo "1963"]
[PlyCount "74"]
[EventDate "2015.12.10"]
[EventType "swiss"]
[EventRounds "8"]
[EventCountry "IND"]
[SourceTitle "CBM 169 Extra"]
[Source "ChessBase"]
[SourceDate "2015.12.18"]
[SourceVersion "1"]
[SourceVersionDate "2015.12.18"]
[SourceQuality "1"]

1. e4 d5 2. exd5 Qxd5 3. Nc3 Qa5 4. Nf3 Nf6 5. d4 Bf5 6. Ne5 c6 7. Bd3 Bxd3 8. Qxd3 e6 9. 0-0 Nbd7 10. f4 g6 11. Bd2 Qc7 12. Rae1 Bg7 13. f5 gxf5 14. Nxd7 Qxd7 15. Rxf5 0-0-0 16. Rf4 Nd5 17. Nxd5 Qxd5 18. Bc3 f5 19. Re2 Rhg8 20. b3 c5 21. Bb2 cxd4 22. Rd2 Be5 23. Rh4 Rg7 24. Bxd4 Bxd4+ 25. Rxd4 Rxg2+ 26. Kf1 Qxd4 27. Qxd4 Rxd4 28. Rxg2 Kc7 29. Rg7+ Rd7 30. Rg3 f4 31. Rc3+ Kd6 32. Rc4 e5 33. Kf2 Ke6 34. Kf3 Kf5 35. Ra4 Rd2 36. h4 Rxc2 37. Rxa7 e4# 0-1